000 00508nam a2200193 a 4500
001 1768117516126
003 YourLibrary
005 20260112125815.0
008 260111s2006##################000#0#eng##
020 _a9781403944924
082 0 4 _a302.23
_bHAN
100 1 _aHanrahan, Michael,
_eauthor.
245 1 0 _aTeaching, Technology, Textuality :
260 _bPalgrave Macmillan,
_c2006.
300 _a193 pages
650 0 _aComputers.
942 _cENGLISH
040 _aYourLibrary
_beng
_cYourLibrary
999 _c608303
_d608303